000 00835nam#a22002655a#4500
001 721
008 080708s2007####ag#a##########000#0dspa#d
245 1 0 _aCuentos insoportables :
_bRelatos con Humor /
_cMinisterio de Edcucación, Ciencia y Tecnología de la Nación.
250 _a1ª ed.
260 _aBuenos Aires :
_bMinisterio de Edcucación, Ciencia y Tecnología de la Nación,
_c[2007?]
300 _a34 p. :
_bil. ;
_c31 cm.
490 0 _aLibros ilustrados
110 2 _aMinisterio de Edcucación, Ciencia y Tecnología de la Nación.
080 _a82.311
084 _aC93
653 _aMiguel Cané
653 _aFray MochoRobero J. Payró
653 _aIsidoro Blaisten
653 _aNalé Roxlo
653 _aLiteratura
040 _aAR-ClEAG
_cAR-ClEAG
005 20241107184644.0
003 AR-ClEAG
942 _cBK
999 _c721
_d721
980 _62
_aEvangelina Gallicchio
_82
_gEvangelina Gallicchio